| 000 | 00356nam a2200133Ia 4500 | ||
|---|---|---|---|
| 008 | 240624s9999 xx 000 0 und d | ||
| 041 | _aeng | ||
| 082 | _a332.1 JOS | ||
| 100 | _aJOSEPH JELSY | ||
| 245 | _aCHANGING ROLE OF BANKS A GLOBAL PERSPECT | ||
| 260 |
_c2008 _aNew Delhi _bAllied Publishers |
||
| 300 | _axi, : 342 : p. : cm. ; 23 | ||
| 365 |
_cRS _b32 |
||
| 999 |
_c11606 _d11606 |
||